00406nam a2200109Ia 4500008004100000082001500041100002600056245009600082942000600178952009700184999001500281240331s9999 xx 000 0 und d a303.6bDIS aDissanayaka, T.D.S.A. 4aThe dilemma of Sri Lanka :ban in-depth account of the current ethnic conflict in Sri Lanka cL 001040708LaWERCLbWERCLcSSCd2024-03-31l0o 303.6 DISp3519r2024-03-31w2024-03-31yL c1253d1253